[Event "SVK-chT2B 1213"]
[Site "Slovakia"]
[Date "2012.12.01"]
[Round "3"]
[White "Zakovic, Jozef"]
[Black "Pallag, Gyorgy"]
[Result "1/2-1/2"]
[WhiteElo "1818"]
[BlackElo "1897"]
[PlyCount "63"]
[EventDate "2012.10.13"]
[EventType "team-tourn"]
[EventRounds "11"]
[EventCountry "SVK"]
[SourceTitle "EXT 2015"]
[Source "ChessBase"]
[SourceDate "2014.11.20"]
[SourceVersion "1"]
[SourceVersionDate "2014.11.20"]
[SourceQuality "1"]
[WhiteTeam "Bojnice"]
[BlackTeam "Komarno II"]
[WhiteTeamCountry "SVK"]
[BlackTeamCountry "SVK"]

1. e4 c5 2. Nc3 Nc6 3. g3 Nf6 4. Bg2 e6 5. Nge2 Be7 6. d3 0-0 7. 0-0 d5 8. exd5 exd5 9. Bg5 d4 10. Ne4 Nxe4 11. Bxe7 Qxe7 12. Bxe4 Bg4 13. Qd2 Ne5 14. f4 Nc6 15. Rae1 Qd6 16. Bg2 Rae8 17. Nc1 b6 18. a3 Ne7 19. Be4 Nf5 20. Bxf5 Bxf5 21. Rxe8 Rxe8 22. Re1 Bd7 23. Kf1 Bh3+ 24. Kf2 Re6 25. Rxe6 fxe6 26. Qe2 Bf5 27. Qf3 a5 28. Ne2 h6 29. g4 Bg6 30. Ng3 Be8 31. Qe4 Bc6 32. Qe5 1/2-1/2

[Event "Balatonalmadi Pannonia Cup 17th"]
[Site "Balatonalmadi"]
[Date "2012.07.25"]
[Round "1"]
[White "Szalanczy, Emil"]
[Black "Pallag, Gyorgy"]
[Result "1-0"]
[WhiteElo "2272"]
[BlackElo "1919"]
[PlyCount "81"]
[EventDate "2012.07.25"]
[EventType "swiss"]
[EventRounds "7"]
[EventCountry "HUN"]
[SourceTitle "EXT 2016"]
[Source "ChessBase"]
[SourceDate "2015.10.08"]
[SourceVersion "1"]
[SourceVersionDate "2015.10.08"]
[SourceQuality "1"]

1. e4 c5 2. Nf3 Nc6 3. d4 cxd4 4. Nxd4 Nf6 5. Nc3 e5 6. Ndb5 d6 7. Be3 a6 8. Na3 b5 9. Nd5 Nxd5 10. exd5 Ne7 11. g3 Nf5 12. Bd2 Be7 13. c4 0-0 14. Bg2 Qb6 15. 0-0 Bd7 16. Rc1 Rac8 17. Re1 b4 18. Qb3 a5 19. Nc2 Qc5 20. Re4 Bd8 21. Qf3 Nd4 22. Nxd4 exd4 23. b3 Bf6 24. Rce1 Rce8 25. Bf1 Qc8 26. Bf4 Rxe4 27. Rxe4 Bg4 28. Qg2 Qd7 29. Bxd6 Re8 30. Bd3 Rxe4 31. Qxe4 Bf5 32. Qxf5 Qxd6 33. Qxh7+ Kf8 34. Qe4 Qe5 35. Qxe5 Bxe5 36. c5 Ke7 37. d6+ Kd7 38. f4 Bf6 39. Bb5+ Kc8 40. c6 g5 41. c7 1-0

[Event "HUN-chT2 Breyer 1112"]
[Site "Hungary"]
[Date "2012.05.06"]
[Round "10.3"]
[White "Varga, Vilmos"]
[Black "Pallag, Gyorgy"]
[Result "1/2-1/2"]
[WhiteElo "2114"]
[BlackElo "1952"]
[PlyCount "31"]
[EventDate "2011.09.25"]
[EventType "team-tourn"]
[EventRounds "11"]
[EventCountry "HUN"]
[SourceTitle "EXT 2013"]
[Source "ChessBase"]
[SourceDate "2012.11.22"]
[SourceVersion "1"]
[SourceVersionDate "2012.11.22"]
[SourceQuality "1"]
[WhiteTeam "Zsambek"]
[BlackTeam "Kisber Aszar"]
[WhiteTeamCountry "HUN"]
[BlackTeamCountry "HUN"]

1. e4 c5 2. Nf3 Nc6 3. Bb5 e6 4. 0-0 Nge7 5. Re1 a6 6. Bf1 Ng6 7. c3 Be7 8. d4 cxd4 9. cxd4 d6 10. Nc3 0-0 11. Be3 b5 12. Qd2 Bb7 13. h3 Rc8 14. a3 Na5 15. Qd1 Nc4 16. Bxc4 1/2-1/2

[Event "HUN-chT2 Breyer 1112"]
[Site "Hungary"]
[Date "2012.02.19"]
[Round "6.6"]
[White "Pallag, Gyorgy"]
[Black "Juhasz, Barbara"]
[Result "0-1"]
[WhiteElo "1953"]
[BlackElo "2088"]
[PlyCount "124"]
[EventDate "2011.09.25"]
[EventType "team-tourn"]
[EventRounds "11"]
[EventCountry "HUN"]
[SourceTitle "EXT 2013"]
[Source "ChessBase"]
[SourceDate "2012.11.22"]
[SourceVersion "1"]
[SourceVersionDate "2012.11.22"]
[SourceQuality "1"]
[WhiteTeam "Kisber Aszar"]
[BlackTeam "Geniusz Tata"]
[WhiteTeamCountry "HUN"]
[BlackTeamCountry "HUN"]

1. Nf3 Nf6 2. g3 g6 3. Bg2 Bg7 4. 0-0 0-0 5. d4 d6 6. c4 Nbd7 7. Nc3 e5 8. e3 Re8 9. b3 Nh5 10. dxe5 dxe5 11. Bb2 Nhf6 12. Qc2 c6 13. Rad1 Qe7 14. Nb1 Qc5 15. Ba3 Qb6 16. Nc3 Nc5 17. b4 Ncd7 18. Rd2 Qa6 19. Qb3 Qb6 20. Ng5 Qc7 21. Rfd1 Nf8 22. b5 c5 23. Nd5 Nxd5 24. Rxd5 Nd7 25. Ne4 b6 26. Nd6 Re7 27. Bb2 Rb8 28. Qc2 Nf8 29. Nxc8 Rxc8 30. Bh3 Rce8 31. Rd6 h5 32. Qe4 Nh7 33. Rd7 Ng5 34. Rxc7 Nxe4 35. Rdd7 Rxd7 36. Rxd7 Ng5 37. Bg2 e4 38. Bxg7 Kxg7 39. Kf1 Ra8 40. Rd6 Kf8 41. Ke2 Ke7 42. Rd5 f5 43. h4 Nh7 44. f3 Nf6 45. Rd2 a6 46. a4 axb5 47. axb5 Ra3 48. Rc2 Ke6 49. Kd2 exf3 50. Bxf3 Ke5 51. Rc3 Rxc3 52. Kxc3 Ne4+ 53. Kd3 Nxg3 54. Bd5 Ne4 55. Bf7 Kf6 56. Bd5 Nd6 57. Ke2 Ke5 58. Kf3 Nxb5 59. Bf7 Kf6 60. Bg8 Nd6 61. Bd5 Ke5 62. Bc6 Nxc4 0-1

[Event "Balatonalmadi Pannonia Cup 14th"]
[Site "Balatonalmadi"]
[Date "2009.08.01"]
[Round "5"]
[White "Pallag, Gyorgy"]
[Black "Gyurkovics, Miklos"]
[Result "1-0"]
[WhiteElo "1913"]
[BlackElo "2231"]
[PlyCount "113"]
[EventDate "2009.07.29"]
[EventType "swiss"]
[EventRounds "7"]
[EventCountry "HUN"]
[SourceTitle "EXT 2011"]
[Source "ChessBase"]
[SourceDate "2010.11.26"]
[SourceVersion "1"]
[SourceVersionDate "2010.11.26"]
[SourceQuality "1"]

1. Nf3 d6 2. g3 e5 3. d3 g6 4. Bg2 Bg7 5. Bg5 Ne7 6. Nc3 h6 7. Bd2 d5 8. e4 d4 9. Ne2 c5 10. Nh4 g5 11. Nf5 Nxf5 12. exf5 Bxf5 13. Bxb7 Nd7 14. 0-0 Rb8 15. Bd5 Nf6 16. Bg2 Qd7 17. Re1 Nd5 18. c4 Ne7 19. Bc1 Rg8 20. Rb1 Bf8 21. Qd2 Nc6 22. a3 Bd6 23. f4 Kf8 24. Kh1 Rb3 25. Be4 gxf4 26. gxf4 Bxe4+ 27. dxe4 Qg4 28. Ng1 exf4 29. Rf1 Re3 30. Qf2 Qg6 31. Bxe3 dxe3 32. Qf3 Nd4 33. Qh3 Qxe4+ 34. Nf3 Rg6 35. Rbe1 Kg7 36. Qh5 Rg5 37. Qh3 a5 38. Rc1 a4 39. Rce1 Kg6 40. Rf2 Qb7 41. Rff1 f5 42. Rb1 Rg4 43. Rbe1 Bc7 44. Rc1 h5 45. Rb1 Ba5 46. Ra1 e2 47. Rf2 e1Q+ 48. Rxe1 Bxe1 49. Rf1 Bg3 50. Qg2 Be1 51. Ne5+ Kg5 52. Qxb7 Bd2 53. Qe7+ Kh6 54. Nxg4+ hxg4 55. Qxc5 Be3 56. Rxf4 Kg5 57. Rxd4 1-0

[Event "SVK-chT2B 0809"]
[Site "Slovakia"]
[Date "2009.02.01"]
[Round "9.8"]
[White "Pallag, Gyorgy"]
[Black "Mesaros, Jan"]
[Result "1-0"]
[WhiteElo "1921"]
[BlackElo "1922"]
[PlyCount "73"]
[EventDate "2008.10.11"]
[EventType "team-tourn"]
[EventRounds "11"]
[EventCountry "SVK"]
[SourceTitle "EXT 2010"]
[Source "ChessBase"]
[SourceDate "2010.11.25"]
[SourceVersion "1"]
[SourceVersionDate "2010.11.25"]
[SourceQuality "1"]
[WhiteTeam "Komarno KSC II"]
[BlackTeam "Tlmace SK"]
[WhiteTeamCountry "SVK"]
[BlackTeamCountry "SVK"]

1. d4 g6 2. Nf3 Nf6 3. Bg5 Bg7 4. e3 c6 5. c4 d6 6. Bd3 0-0 7. 0-0 Nbd7 8. Nc3 e5 9. Ne4 Qc7 10. Nc3 Re8 11. Qc2 b6 12. Rac1 Bb7 13. b4 Rac8 14. Qb1 Qb8 15. Rfd1 Nf8 16. Bxf6 Bxf6 17. Ne4 Bg7 18. dxe5 Bxe5 19. Nxe5 Rxe5 20. Be2 d5 21. Nf6+ Kg7 22. Ng4 Re6 23. Qb2+ f6 24. h3 h5 25. Nh2 Rce8 26. Nf3 Nh7 27. Nd4 Re5 28. cxd5 cxd5 29. b5 Rg5 30. Qc2 Re7 31. Bf3 Qe5 32. Nc6 Bxc6 33. bxc6 Qc7 34. Bxd5 Qc8 35. Kh1 Rge5 36. c7 Ng5 37. Bb7 1-0

[Event "SVK-chT2B 0809"]
[Site "Slovakia"]
[Date "2009.01.10"]
[Round "7.7"]
[White "Szegi, Viktor"]
[Black "Pallag, Gyorgy"]
[Result "1-0"]
[WhiteElo "2100"]
[BlackElo "1921"]
[PlyCount "67"]
[EventDate "2008.10.11"]
[EventType "team-tourn"]
[EventRounds "11"]
[EventCountry "SVK"]
[SourceTitle "EXT 2010"]
[Source "ChessBase"]
[SourceDate "2010.11.25"]
[SourceVersion "1"]
[SourceVersionDate "2010.11.25"]
[SourceQuality "1"]
[WhiteTeam "Batorove Kosihy"]
[BlackTeam "Komarno KSC II"]
[WhiteTeamCountry "SVK"]
[BlackTeamCountry "SVK"]

1. e4 c5 2. Nf3 Nc6 3. Bb5 e6 4. 0-0 Nge7 5. Re1 a6 6. Bf1 Ng6 7. d4 cxd4 8. Nxd4 Be7 9. c4 0-0 10. Nc3 Qc7 11. Be3 Nce5 12. Rc1 b6 13. f4 Nc6 14. Nd5 exd5 15. cxd5 Bc5 16. dxc6 dxc6 17. f5 Ne5 18. Qh5 Qe7 19. a3 a5 20. Nb3 Bxe3+ 21. Rxe3 Ba6 22. Rh3 h6 23. Bxa6 Rxa6 24. Nd4 c5 25. f6 Qxf6 26. Rf1 Qg5 27. Qe2 Ra7 28. Nf5 Qd8 29. Rg3 f6 30. Nxh6+ Kh7 31. Nf5 Rh8 32. Rd1 Rd7 33. Rxg7+ Rxg7 34. Qh5+ 1-0

[Event "Balatonalmadi Pannonia Cup 13th"]
[Site "Balatonalmadi"]
[Date "2008.08.01"]
[Round "4"]
[White "Piroska, Istvan"]
[Black "Pallag, Gyorgy"]
[Result "1-0"]
[WhiteElo "2133"]
[BlackElo "1928"]
[PlyCount "47"]
[EventDate "2008.07.30"]
[EventType "swiss"]
[EventRounds "7"]
[EventCountry "HUN"]
[SourceTitle "CBM 125 Extra"]
[Source "ChessBase"]
[SourceDate "2008.09.01"]
[SourceVersion "1"]
[SourceVersionDate "2008.09.01"]
[SourceQuality "1"]

1. e4 c5 2. Nf3 e6 3. d4 cxd4 4. Nxd4 Qb6 5. Nb3 Qc7 6. Nc3 a6 7. Bd3 Nf6 8. 0-0 Be7 9. f4 d6 10. Qf3 Nc6 11. a3 Bd7 12. Be3 0-0 13. Rad1 b5 14. Qh3 b4 15. axb4 Nxb4 16. e5 Nxd3 17. exf6 Bxf6 18. Rxd3 Rac8 19. Qg3 g6 20. Rfd1 d5 21. Bd4 Bg7 22. Bxg7 Kxg7 23. Qe3 Kg8 24. f5 1-0

[Event "Balatonalmadi Pannonia Cup 13th"]
[Site "Balatonalmadi"]
[Date "2008.07.31"]
[Round "3"]
[White "Kovacs, David"]
[Black "Pallag, Gyorgy"]
[Result "1-0"]
[WhiteElo "2201"]
[BlackElo "1928"]
[PlyCount "85"]
[EventDate "2008.07.30"]
[EventType "swiss"]
[EventRounds "7"]
[EventCountry "HUN"]
[SourceTitle "CBM 125 Extra"]
[Source "ChessBase"]
[SourceDate "2008.09.01"]
[SourceVersion "1"]
[SourceVersionDate "2008.09.01"]
[SourceQuality "1"]

1. e4 c5 2. Nf3 Nc6 3. d4 cxd4 4. Nxd4 Nf6 5. Nc3 e6 6. Ndb5 a6 7. Nd6+ Bxd6 8. Qxd6 Qa5 9. Bd3 Qe5 10. Qxe5 Nxe5 11. Be2 b5 12. Bf4 Nc6 13. Bd6 Bb7 14. f3 Ng8 15. 0-0 Nge7 16. Rfd1 f6 17. Rd2 Ne5 18. Rad1 Bc6 19. a4 bxa4 20. Ra1 Nc8 21. Bc5 Kf7 22. Nxa4 d5 23. exd5 Bxd5 24. Nc3 Bc4 25. Bxc4 Nxc4 26. Rd7+ Kg6 27. b3 Ne5 28. Rd4 Re8 29. Rda4 Nd7 30. Be3 Nb8 31. Nb5 Re7 32. Rc4 axb5 33. Rg4+ Kf7 34. Rxa8 Rb7 35. Rd4 Nb6 36. Ra1 Nd5 37. Bf2 Nc6 38. Rd2 Nc3 39. Ra6 Rc7 40. Kf1 Nd5 41. c4 bxc4 42. bxc4 Ndb4 43. Ra4 1-0

[Event "SVK-chT2B 0708"]
[Site "Slovakia"]
[Date "2008.03.08"]
[Round "10.4"]
[White "Pallag, Gyorgy"]
[Black "Kurtulik, Andrej"]
[Result "0-1"]
[WhiteElo "1944"]
[BlackElo "1774"]
[PlyCount "92"]
[EventDate "2007.10.06"]
[EventType "team-tourn"]
[EventRounds "11"]
[EventCountry "SVK"]
[SourceTitle "EXT 2010"]
[Source "ChessBase"]
[SourceDate "2010.11.25"]
[SourceVersion "1"]
[SourceVersionDate "2010.11.25"]
[SourceQuality "1"]
[WhiteTeam "Komarno KSC II"]
[BlackTeam "Prievidza SK II"]
[WhiteTeamCountry "SVK"]
[BlackTeamCountry "SVK"]

1. Nf3 Nf6 2. g3 e6 3. Bg2 d5 4. d4 Nbd7 5. 0-0 Be7 6. c4 c6 7. Nc3 Bd6 8. cxd5 exd5 9. Bg5 h6 10. Bd2 0-0 11. Qc2 Re8 12. Rae1 Ne4 13. Be3 Ndf6 14. Nxe4 Nxe4 15. Nd2 Bf5 16. Nxe4 Bxe4 17. Bxe4 Rxe4 18. Qb3 Qe7 19. Rd1 Re8 20. Rd3 f5 21. a3 g5 22. Bd2 Rxe2 23. Re3 Rxe3 24. Bxe3 f4 25. Bd2 Qf7 26. Kg2 Re4 27. Qd3 Qe6 28. f3 Re2+ 29. Rf2 Rxf2+ 30. Kxf2 c5 31. g4 c4 32. Qc2 b5 33. a4 b4 34. h3 a5 35. Qb1 Kg7 36. b3 c3 37. Bc1 Qg6 38. Qxg6+ Kxg6 39. Ke2 Be7 40. Kd3 Bf6 41. Bd2 cxd2 42. Kxd2 Bxd4 43. Kd3 Bc3 44. Kc2 Kf6 45. Kd3 Ke5 46. Ke2 Kd4 0-1

[Event "SVK-chT2B 0708"]
[Site "Slovakia"]
[Date "2008.02.02"]
[Round "8.1"]
[White "Ragas, Tomas"]
[Black "Pallag, Gyorgy"]
[Result "0-1"]
[WhiteElo "1350"]
[BlackElo "1944"]
[PlyCount "64"]
[EventDate "2007.10.06"]
[EventType "team-tourn"]
[EventRounds "11"]
[EventCountry "SVK"]
[SourceTitle "EXT 2010"]
[Source "ChessBase"]
[SourceDate "2010.11.25"]
[SourceVersion "1"]
[SourceVersionDate "2010.11.25"]
[SourceQuality "1"]
[WhiteTeam "Topolcianky SK"]
[BlackTeam "Komarno KSC II"]
[WhiteTeamCountry "SVK"]
[BlackTeamCountry "SVK"]

1. e4 c5 2. Nf3 Nc6 3. Bb5 e6 4. Bxc6 bxc6 5. 0-0 d5 6. Re1 Bd6 7. b3 Ne7 8. Bb2 d4 9. d3 e5 10. Nbd2 Ng6 11. h3 0-0 12. Nc4 Bc7 13. Ba3 Bd6 14. Nxd6 Qxd6 15. Nd2 Be6 16. Nc4 Bxc4 17. bxc4 f5 18. exf5 Rxf5 19. Rb1 Raf8 20. Rf1 Nf4 21. Qd2 Qg6 22. f3 Rg5 23. g4 Nxh3+ 24. Kg2 Nf4+ 25. Kg3 Ne6 26. Rbe1 h5 27. Qd1 Qf5 28. Kh4 Qf4 29. Rf2 hxg4 30. Bc1 gxf3+ 31. Bxf4 Rxf4+ 32. Kh3 Rf6 0-1

[Event "HUN-chT2 Breyer 0506"]
[Site "Hungary"]
[Date "2006.04.23"]
[Round "11"]
[White "Hoflinger, Istvan"]
[Black "Pallag, Gyorgy"]
[Result "1-0"]
[WhiteElo "2075"]
[BlackElo "2003"]
[PlyCount "81"]
[EventDate "2005.10.16"]
[EventType "team"]
[EventRounds "11"]
[EventCountry "HUN"]
[SourceTitle "EXT 2009"]
[Source "ChessBase"]
[SourceDate "2008.11.26"]
[SourceVersion "1"]
[SourceVersionDate "2008.11.26"]
[SourceQuality "1"]
[WhiteTeam "Kiraly Sakk"]
[BlackTeam "Kisber Aszar"]
[WhiteTeamCountry "HUN"]
[BlackTeamCountry "HUN"]

1. d4 d5 2. c4 e6 3. Nf3 Nf6 4. g3 Bb4+ 5. Bd2 Bxd2+ 6. Nbxd2 0-0 7. Bg2 Nbd7 8. 0-0 Qe7 9. Qc2 c6 10. Rfe1 b6 11. e4 h6 12. Ne5 Bb7 13. Nd3 dxe4 14. Nxe4 Nxe4 15. Bxe4 Nf6 16. Bg2 Rac8 17. Rad1 Qc7 18. Qa4 Rfd8 19. Ne5 Nd7 20. Nf3 c5 21. b3 cxd4 22. Nxd4 Bxg2 23. Kxg2 Nc5 24. Qa3 a6 25. Kg1 Qb7 26. Qb2 Ne4 27. h4 Nf6 28. Qe2 Rd6 29. Nf3 Rcd8 30. Rxd6 Rxd6 31. Ne5 Rd4 32. f3 Qc7 33. Qe3 Qd6 34. Kg2 Nh5 35. f4 Nf6 36. Qf3 Kh7 37. Nxf7 Qd7 38. Ne5 Qd6 39. Re2 Rd1 40. Qc3 Qc5 41. Qc2+ 1-0

[Event "SVK-chT1W 0506"]
[Site "Slovakia"]
[Date "2006.??.??"]
[Round "?"]
[White "Mihalik, Marek"]
[Black "Pallag, Gyorgy"]
[Result "1-0"]
[WhiteElo "2110"]
[BlackElo "1950"]
[PlyCount "139"]
[EventDate "2005.10.15"]
[EventType "team-tourn"]
[EventRounds "11"]
[EventCountry "SVK"]
[SourceTitle "EXT 2008"]
[Source "ChessBase"]
[SourceDate "2007.11.25"]
[SourceVersion "1"]
[SourceVersionDate "2007.11.25"]
[SourceQuality "1"]

1. d4 d5 2. c4 e6 3. Nc3 Nf6 4. Bg5 Be7 5. e3 0-0 6. Nf3 Nbd7 7. Bd3 h6 8. Bh4 a6 9. cxd5 Nxd5 10. Bxe7 Qxe7 11. Nxd5 exd5 12. 0-0 Nf6 13. Qc2 Be6 14. Rac1 c6 15. Ne5 Ng4 16. Nxg4 Bxg4 17. Qc5 Qg5 18. Rfe1 Bf3 19. Bf1 Rae8 20. Qd6 Re6 21. Qg3 Qxg3 22. hxg3 Be4 23. b4 g5 24. a4 Rg6 25. g4 Rd6 26. b5 axb5 27. axb5 cxb5 28. Bxb5 b6 29. Rc7 Ra8 30. Rec1 Ra5 31. Bc6 Ra2 32. Rb7 Rf6 33. f3 Rb2 34. Rd7 b5 35. Bxd5 Bxd5 36. Rxd5 Rb6 37. Rc7 b4 38. Rd8+ Kg7 39. Rdd7 Rf6 40. Rb7 Rb1+ 41. Kh2 b3 42. e4 Rb2 43. Kg3 Rc6 44. Rxf7+ Kg8 45. Rfd7 Rc8 46. Rd6 Rd2 47. Rg6+ Kh8 48. Rxh6+ Kg8 49. Rg6+ Kf8 50. Rxb3 Rxd4 51. Rxg5 Rd2 52. Rb7 Rcc2 53. Ra5 Rxg2+ 54. Kf4 Rc8 55. g5 Kg8 56. Rf5 Rh2 57. Rf6 Rh1 58. Kf5 Rhc1 59. Kg6 R1c7 60. Rxc7 Rxc7 61. e5 Re7 62. e6 Re8 63. f4 Re7 64. Kf5 Rb7 65. Rf7 Rb5+ 66. Kf6 Rb6 67. g6 Rb4 68. f5 Rb6 69. g7 Kh7 70. Rf8 1-0

[Event "SVK-chB op"]
[Site "Kaskady"]
[Date "2002.07.02"]
[Round "4.19"]
[White "Pallag, Gyorgy"]
[Black "Jelen, Peter"]
[Result "0-1"]
[WhiteElo "2083"]
[BlackElo "2156"]
[PlyCount "76"]
[EventDate "2002.06.29"]
[EventType "swiss"]
[EventRounds "9"]
[EventCountry "SVK"]
[SourceTitle "CBM 089 Extra"]
[Source "ChessBase"]
[SourceDate "2002.09.10"]
[SourceVersion "2"]
[SourceVersionDate "2002.09.10"]
[SourceQuality "1"]

1. d4 Nf6 2. Nf3 g6 3. Bg5 Ne4 4. Bf4 Bg7 5. e3 c5 6. c3 0-0 7. Bd3 d5 8. Qc2 Nc6 9. Nbd2 Nxd2 10. Qxd2 cxd4 11. exd4 f6 12. Bh6 e5 13. Bxg7 Kxg7 14. Be2 e4 15. Ng1 Re8 16. Qe3 Ne7 17. g4 f5 18. g5 Qb6 19. 0-0-0 Qd6 20. Nh3 f4 21. Qxf4 Qxf4+ 22. Nxf4 Rf8 23. Ng2 Rxf2 24. Bf1 Bg4 25. Rd2 Raf8 26. Rxf2 Rxf2 27. Ne1 Nf5 28. c4 Ne3 29. h3 Be6 30. cxd5 Bxd5 31. Bb5 Bxa2 32. Bd7 Nf1 33. Bb5 Nd2 34. Ba4 Bb3 35. Bb5 a6 36. Be8 Nf1 37. h4 Rd2 38. h5 Rd1# 0-1

[Event "SVK-chT3B 0102"]
[Site "Slovakia"]
[Date "2001.??.??"]
[Round "1"]
[White "Moravcik, Rastislav"]
[Black "Pallag, Gyorgy"]
[Result "1-0"]
[WhiteElo "2140"]
[BlackElo "2105"]
[PlyCount "33"]
[EventDate "2001.10.??"]
[EventType "team"]
[EventRounds "9"]
[EventCountry "SVK"]
[SourceTitle "EXT 2006"]
[Source "ChessBase"]
[SourceDate "2005.11.24"]
[SourceVersion "1"]
[SourceVersionDate "2005.11.24"]
[SourceQuality "1"]

1. e4 e5 2. Nc3 Nf6 3. f4 d5 4. fxe5 Nxe4 5. d3 Qh4+ 6. g3 Nxg3 7. Nf3 Qh5 8. Nxd5 Nxh1 9. Nxc7+ Kd8 10. Nxa8 Be7 11. Bg2 Bh4+ 12. Kf1 Nf2 13. Qe1 g5 14. Nxh4 gxh4 15. Qxf2 Rg8 16. Qf6+ Ke8 17. Nc7+ 1-0